000 00526nam a2200193Ia 4500
008 120323t2002 xxu||||| |||| 00| 0 sin d
041 _asin
080 _a8-31 (eng)
_bALL
100 _aAllende,Isabel
245 _aමායාවාස
246 _aMayawasa
260 _aAuthor
_aFrance
_c2002
300 _b591p, 21 cm
500 _aSinhalese Translation of Isabel Allende of The House of The Spirits
700 _aViyangoda,Gamini
_etr.
942 _cBK
999 _c40843
_d40843
003 LK-CoDNM
040 _aLK-CoDNM
_dLK-CoDNM
_eLK-CoDNM